000 01018cam a22002894a 4500
001 12769690
003 GBCCL
005 20241126110343.0
008 020509s2002 tnu b 000 0 eng
010 _a 2002071201
020 _a0805494731
040 _aDLC
_cDLC
_dDLC
042 _apcc
050 0 0 _aBS1515.3
_b.B877 2002
082 0 0 _a221.7
_221
_bHOL
100 1 _aButler, Trent C.
245 1 0 _aIsaiah /
_cTrent C. Butler.
260 _aNashville, Tenn. :
_bBroadman & Holman,
_cc2002.
300 _axii, 387 p. ;
_c25 cm.
440 0 _aHolman Old Testament commentary
504 _aIncludes bibliographical references (p. 385-387).
630 0 0 _aBible.
_pIsaiah
_vCommentaries.
856 4 2 _3Publisher description
_uhttp://www.loc.gov/catdir/enhancements/fy1003/2002071201-d.html
906 _a7
_bcbc
_corignew
_d1
_eocip
_f20
_gy-gencatlg
942 _2ddc
_cREF
999 _c651
_d651